000 00311nam a2200133Ia 4500
005 20260328104248.0
008 260328s9999||||xx |||||||||||||| ||und||
100 _aSegawa, Hugo
245 0 _aPrelúdio da Metrópole /
_cHugo Segawa
260 _bAtelie
300 _a179 p.
650 _aBRAZIL
942 _cBK
999 _c10168
_d10168